000 009150000a22002530004500
020 _a0-88113-112-1
041 0 _aSPA
082 0 4 _aG 261.85 B9596n
100 1 _aBurkett, Larry
245 1 0 _aLos Negocios y la Biblia : una guía completa de principios bíblicos para hombres y mujeres de negocios / Larry Burkett ; traducido por Elsie Powell
250 _a4
260 _aNashville, EE.UU: Caribe
300 _a301 p.
440 0 _aCol. Conceptos financieros
500 _aTítulo original en inglés: Businee by the book
501 _arústico
505 0 0 _aLos negocios y la palabra de Dios -- Los principios para decisiones críticas -- Su vida y los negocios
650 1 4 _aCRISTIANISMO Y ECONOMIA \ RELIGION Y ECONOMIA \ ETICA DE LOS NEGOCIOS
001 18399
942 _cBK
999 _c44839
_d44839
336 _atexto
_btxt
_2rdacontent
337 _2rdamedia
_asin mediación
_bn
338 _2rdacarrier
_avolumen
_bnc